Comedias : El vergonzoso en palacio, El burlador de Sevilla /

Сохранить в:
Библиографические подробности
Главный автор: Tirso de Molina (autor)
Другие авторы: Castro, Américo (prólogo) (prólogo)
Формат:
Язык:испанский
Опубликовано: Madrid, España : Espasa-Calpe, 1948, c1948
Редактирование:4a edición
Серии:(Clásicos Castellanos) [s.n.]
(Clásicos Castellanos. Comedias de Tirso de Molina ; 1)
Предметы:
Метки: Добавить метку
Нет меток, Требуется 1-ая метка записи!

MARC

LEADER 00000nam^a2200000^a^4500
001 000316218
005 20250521000000.0
009 20260310113306.344
037 |a Acervo Xavier Clavigero 
041 |a ESP 
082 |a 862.  |b TIR V. 1 
100 |a Tirso de Molina  |e (autor) 
240 1 4 |a [El vergonzoso en palacio] 
240 1 4 |a [El burlador de Sevilla] 
245 1 0 |a Comedias :  |b El vergonzoso en palacio, El burlador de Sevilla /  |c T. de Molina ; pról. y notas de A. Castro. 
250 |a 4a edición 
264 4 |a Madrid, España :  |b Espasa-Calpe,  |c 1948, c1948 
300 |a XXXIV, 259 p. 
336 |a texto  |b txt  |2 rdacontenido 
337 |a sin mediación  |b n  |2 rdamedio 
338 |a volumen  |b nc  |2 rdasoporte 
440 1 |a (Clásicos Castellanos) [s.n.] 
440 1 |a (Clásicos Castellanos.  |p Comedias de Tirso de Molina ;  |v 1) 
545 0 |a Tirso de Molina es el seudónimo de Gabriel Téllez (1583-1648), fraile de la Orden de la Merced y escritor del Siglo de Oro español nacido en Madrid, que destacó en el género dramático. De sus personajes creados sobresale el famoso don Juan Tenorio. Sus escritos describen las costumbres y la moral de su época, además de otorgar un papel preponderante a sus personajes femeninos. Entre sus dramas se encuentran El burlador de Sevilla y convidado de piedra, El vergonzoso en palacio, La gallega Mari-Hernández, La prudencia en la mujer, Don Gil de las calzas verdes, y La ninfa del cielo. En prosa se le conocen Cigarrales de Toledo, Deleitar aprovechando e Historia general de la Orden de la Merced. 
649 |a XX 
650 |a Comedia Española 
650 |a Teatro Español 
650 |a Literatura Española -  |y Siglo XVII 
650 |a Literatura Española -  |y Epoca Clásica, 1500-1700 
740 3 |a El vergonzoso en palacio /  |c T. de Molina ; pról. y notas de A. Castro. 
740 3 |a El burlador de Sevilla y convidado de piedra /  |c T. de Molina ; pról. y notas de A. Castro. 
700 |a Castro, Américo  |e (prólogo) 
910 |a Fondo General 
920 |a Impresos - Libros 
930 |a Colección General 
940 |a Literatura 
905 |a 101 
901 |a 022590  |b IT1  |c LIT  |u 20250521 
902 |a https://opac.biblio.iteso.mx/vufind/Record/000316218